'E' Countries Quiz Stats

 Plays Quiz Updated Nov 21, 2018

     
Support Sporcle.
Go Orange.
Score 0/8 Timer 00:30
25 Plays Today
Country % Correct
Estonia
74.8%
Ethiopia
74.7%
Eritrea
73.6%
Ecuador
68.3%
Egypt
58.2%
El Salvador
46.7%
Eswatini
38.2%
Equatorial Guinea
38.2%

From the Vault

Obscure Knowledge - Greek Alphabet

by PenguinsMeercats

It's all Greek to us. And also to you. Because it's just Greek.
Remove Ads.
Support Sporcle.
Get the best of Sporcle when you Go Orange. This ad-free experience offers more features, more stats, and more fun while also helping to support Sporcle. Thank you for becoming a member.

Show Comments

Extras

Top Quizzes Today


Score Distribution

Your Account Isn't Verified!

In order to create a playlist on Sporcle, you need to verify the email address you used during registration. Go to your Sporcle Settings to finish the process.

Report this User

Report this user for behavior that violates our Community Guidelines.

Details: